Reflections upon some passages in George Keith's Third narrative

Bibliographic Details
Main Author: Elys, Edmund, ca. 1634-ca. 1707
Format: eBook
Language:English
Published: London : Printed and sold by T. Sowle ..., 1698.
Series:Early English books online.
Subjects:
Online Access:Connect to the full text of this electronic book

MARC

Tag First Indicator Second Indicator Subfields
LEADER 00000nam a2200000Ia 4500
001 in00004308607
005 20200810091217.0
006 m g d
007 cr bn |||a|bb|
008 890518s1698 enk o 00| | eng d
035 |a (OCoLC)19731874 
040 |a EAF  |c EAF  |d WaOLN 
037 |a CL0037000063  |b ProQuest Information and Learning. 300 N. Zeeb Rd., Ann Arbor, MI 48106 
090 |a BX7730  |b .E49 
049 |a EAFA 
100 1 |a Elys, Edmund,  |d ca. 1634-ca. 1707. 
245 1 0 |a Reflections upon some passages in George Keith's Third narrative 
260 |a London :  |b Printed and sold by T. Sowle ...,  |c 1698. 
300 |a 1 online resource (3 pages) 
336 |a text  |b txt  |2 rdacontent 
337 |a computer  |b c  |2 rdamedia 
338 |a online resource  |b cr  |2 rdacarrier 
500 |a Caption title. 
500 |a Signed at end: Edmund Elys. 
500 |a Imprint from colophon. 
500 |a Reproduction of original in the Bodleian Library. 
510 4 |a Wing (2nd edition)  |c E689 
533 |a Electronic reproduction.  |b Ann Arbor, Mich. :  |c UMI,  |d 1999-  |f (Early English books online)  |n Digital version of: (Early English books, 1641-1700 ; 1698:57)  |7 s1999 miun s 
600 1 0 |a Keith, George,  |d 1639?-1716.  |t Third narrative of the proceedings at Turners Hall the twenty first day of April 1698. 
650 0 |a Society of Friends  |v Apologetic works. 
830 0 |a Early English books online. 
856 4 0 |u http://proxy.library.tamu.edu/login?url=https://search.proquest.com/docview/2240869249  |z Connect to the full text of this electronic book  |t 0 
999 f f |s 0e7781a4-bc2c-31fa-93bb-553491be9ed9  |i 040318e2-2e92-35a6-b0b9-c425cb0a0595  |t 0 
952 f f |a Texas A&M University  |b College Station  |c Electronic Resources  |d Available Online  |t 0  |e BX7730 .E49  |h Library of Congress classification 
998 f f |a BX7730 .E49  |t 0  |l Available Online